Ամենայն հայոց կաթողիկոսներ : (Record no. 88064)
[ view plain ]
| 000 -LEADER | |
|---|---|
| fixed length control field | 01170nam a2200241 a 4500 |
| 001 - CONTROL NUMBER | |
| control field | 000246700 |
| 003 - CONTROL NUMBER IDENTIFIER | |
| control field | AM-YeHGA |
| 005 - DATE AND TIME OF LATEST TRANSACTION | |
| control field | 20250618071647.0 |
| 008 - FIXED-LENGTH DATA ELEMENTS--GENERAL INFORMATION | |
| fixed length control field | 030714s2001 ai 000 | arm d |
| 020 ## - INTERNATIONAL STANDARD BOOK NUMBER | |
| International Standard Book Number | 9993087025 |
| 040 ## - CATALOGING SOURCE | |
| Original cataloging agency | AM-YeHGA |
| 090 ## - LOCALLY ASSIGNED LC-TYPE CALL NUMBER (OCLC); LOCAL CALL NUMBER (RLIN) | |
| -- | 89350 |
| 245 00 - TITLE STATEMENT | |
| Title | Ամենայն հայոց կաթողիկոսներ : |
| Remainder of title | Համառոտ տեղեկատու պատկերագիրք / |
| Statement of responsibility, etc. | Խմբ.՝ Պ. Հովհաննիսյան; Կազմ.՝ Վ. Մարկոսյան, Ա. Իսոյան; Նկ.՝ Խ. Հակոբյան. |
| 260 ## - PUBLICATION, DISTRIBUTION, ETC. | |
| Place of publication, distribution, etc. | Երևան : |
| Name of publisher, distributor, etc. | Հայագիտակ, |
| Date of publication, distribution, etc. | 2001. |
| 300 ## - PHYSICAL DESCRIPTION | |
| Extent | 275 էջ : |
| Other physical details | գուն. դիմանկ. ; |
| Dimensions | 12 սմ. |
| 500 ## - GENERAL NOTE | |
| General note | Կազմը՝ կիսաթանկարժեք քարից, պատյանը՝ կաղնու փայտից |
| 650 14 - SUBJECT ADDED ENTRY--TOPICAL TERM | |
| Topical term or geographic name entry element | Հայ եկեղեցու գործիչներ |
| 9 (RLIN) | 4735 |
| 650 14 - SUBJECT ADDED ENTRY--TOPICAL TERM | |
| Topical term or geographic name entry element | Հայ կաթողիկոսներ |
| 700 1# - ADDED ENTRY--PERSONAL NAME | |
| Personal name | Հովհաննիսյան, Պետրոս Հովհաննեսի, |
| Dates associated with a name | 1944- |
| Relator term | խմբ. |
| Relationship | edt |
| 700 1# - ADDED ENTRY--PERSONAL NAME | |
| Personal name | Մարկոսյան, Վրեժ |
| Relator term | կազմ. |
| Relationship | com |
| 700 1# - ADDED ENTRY--PERSONAL NAME | |
| Personal name | Իսոյան, Ալբերտ Ներսեսի |
| Relator term | կազմ. |
| Relationship | com |
| 700 1# - ADDED ENTRY--PERSONAL NAME | |
| Personal name | Հակոբյան, Խորեն Զավենի, |
| Dates associated with a name | 1945- |
| Relator term | նկ. |
| Relationship | art |
| 9 (RLIN) | 3428 |
| Withdrawn status | Lost status | Damaged status | Not for loan | Collection | Home library | Current library | Date acquired | Total checkouts | Full call number | Barcode | Date last seen | Price effective from | Koha item type | Public note | Source of classification or shelving scheme |
|---|---|---|---|---|---|---|---|---|---|---|---|---|---|---|---|
| General | Fundamental Scientific Library | Fundamental Scientific Library | 22/12/2016 | AI/20243 | FL0320528 | 22/12/2016 | 22/12/2016 | Գրքեր / Books | ILL Non-Circ. | ||||||
| Rare Books Collection | Fundamental Scientific Library | Fundamental Scientific Library | 22/12/2016 | A/1210 | FL0032142 | 22/12/2016 | 22/12/2016 | Գրքեր / Books | ILL Non-Circ. | Universal Decimal Classification | |||||
| Rare Books Collection | Fundamental Scientific Library | Fundamental Scientific Library | 22/12/2016 | A/1214 | FL0032143 | 22/12/2016 | 22/12/2016 | Գրքեր / Books | ILL Non-Circ. | Universal Decimal Classification |
ՀՀ Գիտությունների ազգային ակադեմիայի հիմնարար գիտական գրադարան = Fundamental Scientific Library of NAS RA
All site content, except where otherwise noted, is licensed under a